Fr. Conceicao Rodrigues College of Engineering

Practical Software Estimation:Function point methods for insourced and outsourced projects (Record no. 29623)

MARC details
000 -LEADER
fixed length control field 00435nam a2200169Ia 4500
082 ## - DEWEY DECIMAL CLASSIFICATION NUMBER
Classification number 005.3/PAR
Item number PAR
100 ## - MAIN ENTRY--PERSONAL NAME
Personal name Parthasarathy/M.A
245 ## - TITLE STATEMENT
Title Practical Software Estimation:Function point methods for insourced and outsourced projects
260 ## - PUBLICATION, DISTRIBUTION, ETC.
Name of publisher, distributor, etc. Infosys-Pearson
Place of publication, distribution, etc. Mumbai
Date of publication, distribution, etc. 2007
366 ## - TRADE AVAILABILITY INFORMATION
Publishers's discount category 20
300 ## - PHYSICAL DESCRIPTION
Extent 388
546 ## - LANGUAGE NOTE
Language note ENGLISH
650 ## - SUBJECT ADDED ENTRY--TOPICAL TERM
Topical term or geographic name entry element Software
654 ## - SUBJECT ADDED ENTRY--FACETED TOPICAL TERMS
Focus term software estimation
942 ## - ADDED ENTRY ELEMENTS (KOHA)
Koha item type BOOK
Holdings
Withdrawn status Lost status Damaged status Not for loan Collection Home library Current library Date acquired Source of acquisition Cost, normal purchase price Inventory number Total Checkouts Full call number Barcode Date last seen Cost, replacement price Price effective from Koha item type
        CRC Fr. Agnel's C.Rodrigues College of Engineering Fr. Agnel's C.Rodrigues College of Engineering 17/03/2023 United Book Distributors 479.00 6279 dt 26/03/2008   005.3/PAR PAR 18599 17/03/2023 499.00   BOOK